000
00292nam a22001337a 4500
008
181221b xxu||||| |||| 00| 0 eng d
020
_a
0136107419
041
_a
eng
080
_a
616
100
_a
9
101
_a
PAT
245
_a
The Nature of Stuttering
_c
Riper, Ch. V
942
_2
udc
_c
BK
999
_c
53696
_d
53696